| Поле | Название | Значение |
| |
Тип записи |
i |
| |
Библиографический уровень |
m |
| 001 |
Контрольный номер |
IZD\1С\2007\4601546050182 |
| 005 |
Дата корректировки |
20250305114835.3 |
| 010 |
Индекс ISBN |
__ |
| a |
ISBN |
978-5-9677-0906-7 |
| d |
Цена |
231-75 |
| 100 |
Данные общей обработки |
__ |
| a |
Данные общей обработки |
19090922d2008 |||y0rusy0189 ca |
| 101 |
Язык документа |
0_ |
| a |
Язык текста |
eng |
| 102 |
Страна публикации |
__ |
| a |
Страна публикации |
RU |
| 105 |
Кодированные данные (монография) |
__ |
| a |
Кодированные данные (монография) |
zy |
| 200 |
Заглавие и сведения об ответственности |
1_ |
| a |
Заглавие |
The adventures of Father Brown and Flambeau |
| e |
Сведения, относящиеся к заглавию |
[stories] |
| f |
Первые сведения об ответственности |
[Gilbert Keith Chesterton ; исполн. Джон Фрейзер] |
| b |
Общее обозначение материала |
Звукозапись |
| 200 |
Заглавие и сведения об ответственности |
1_ |
| d |
Параллельное заглавие |
Рассказы об отце Брауне |
| 210 |
Выходные данные |
1_ |
| a |
Место издания |
Москва |
| c |
Издательство |
1С-Паблишинг |
| d |
Дата издания |
2008 |
| 215 |
Физическое описание |
__ |
| a |
Объем |
1 электрон. опт. диск (Audio-CD) (03 ч. 39 мин.) |
| c |
Иллюстрации/тип воспроизводства |
MP3, Stereo |
| d |
Формат |
12 |
| 225 |
Серия |
2_ |
| a |
Серия |
The Golden Age of Detective Fiction |
| v |
Обозначение тома |
Part 1 |
| 225 |
Серия |
2_ |
| a |
Серия |
Аудиокниги |
| 300 |
Общие примечания |
__ |
| a |
Общие примечания |
Заглавие с вкладыша |
| 300 |
Общие примечания |
__ |
| a |
Общие примечания |
MPEG-I Layer-3 (MP3), 256 Kbps, 16 bit, 44.1 kHz ; Windows ; Pentium 100 ; RAM 16 Mb ; SVGA 800x600 ; CD-ROM ; звуковая карта ; колонки или наушники |
| 323 |
Примечание о главных создателях, исполнителях, участниках |
__ |
| a |
Примечание о главных создателях, исполнителях, участниках |
Фрейзер, Д. (читает) |
| 327 |
Примечание о содержании |
0_ |
| a |
Примечание о содержании |
The Secrets of Father Brown and Flambeau |
| 327 |
Примечание о содержании |
0_ |
| a |
Примечание о содержании |
The Invisible Man |
| 327 |
Примечание о содержании |
0_ |
| a |
Примечание о содержании |
The Flying Stars |
| 330 |
Аннотация |
__ |
| a |
Аннотация |
Новая серия «The Golden Age of Detective Fiction» объединяет в себе произведения, которые смело можно назвать золотой классикой детективного жанра. Серия на английском языке озвучена профессиональными дикторами - носителями языка и адресована всем, кто желает усовершенствовать навыки восприятия на слух иностранного текста, расширить словарный запас и просто насладиться звучанием произведения на языке оригинала. В первом выпуске «The Golden Age of Detective Fiction» представлены произведения мастера психологического детектива Гилберта Кийта Честертона из серии «Рассказы об отце Брауне». Диск содержит также текстовую версию рассказов на английском языке. |
| 333 |
Примечание о целевом назначении |
__ |
| a |
Примечание о целевом назначении |
12+. Для детей старше 12 лет |
| 517 |
Другие варианты заглавия |
1_ |
| a |
Другие варианты заглавия |
The adventures of Father Brown and Flambeau |
| 606 |
Тематические рубрики |
__ |
| a |
Основная рубрика |
Художественная литература |
| 606 |
Тематические рубрики |
__ |
| a |
Основная рубрика |
Литература Европы (произведения) |
| 610 |
Ключевые слова |
0_ |
| a |
Ключевые слова |
английский язык; психологические детективы; детективы; рассказы; детективные рассказы; английская литература; аудирование |
| 686 |
Индексы других классификаций |
__ |
| a |
Классификационный индекс |
84(4Вел)52-445я04 |
| 700 |
Автор |
_1 |
| a |
Фамилия |
Chesterton |
| b |
Имя |
G. K. |
| f |
Даты |
1874-1936 |
| g |
Полное личное имя |
Gilbert Keith |
| 4 |
Код отношения |
070 |
| 790 |
Имя лица - альтернативная форма |
_1 |
| a |
Имя лица - альтернативная форма |
Честертон |
| f |
Даты |
1874-1936 |
| b |
Имя |
Г. К. |
| g |
Полное личное имя |
Гилберт Кит |
| 4 |
Код отношения |
070 |
| 801 |
Источник записи |
_0 |
| a |
Страна |
RU |
| b |
Организация |
Муниципальное бюджетное учреждение культуры "Централизованная библиотечная система" г. Сургут (Центральная городская библиотека им. А. С. Пушкина) |
| c |
Дата составления |
20090922 |
| g |
Правила каталогизации |
КиК/Котельникова |
| 801 |
Источник записи |
_1 |
| a |
Страна |
RU |
| b |
Организация |
Муниципальное бюджетное учреждение культуры "Централизованная библиотечная система" г. Сургут (Центральная городская библиотека им. А. С. Пушкина) |
| c |
Дата составления |
20090922 |
| g |
Правила каталогизации |
КиК/Котельникова |
| 852 |
Данные о местонахождении |
__ |
| j |
Шифр хранения |
84(4Вел)52-445я04 |
| i |
Авторский знак |
C 51 |
| 901 |
Тип документа |
__ |
| t |
Тип документа |
0 |
| 903 |
Характеристики (МАРС) |
__ |
| a |
Дата передачи |
20140314 |
| 969 |
Тип издания |
__ |
| a |
Тип издания |
аудиокнига; издание для слепых |
| 990 |
Данные о заказе (DOS) |
__ |
| j |
Количество экземпляров (DOS) |
1 |
| t |
N записи в КСУ для И/У (DOS) |
201403 |